[Event "4NCL/Div1/ADS1-3CS1"]
[Site "Birmingham ENG"]
[Date "2006.03.04"]
[Round "7.3"]
[White "Jirka, Jiri"]
[Black "Gordon, Stephen J"]
[Result "0-1"]
[WhiteElo "2393"]
[BlackElo "2414"]
[PlyCount "90"]
[EventDate "2006.03.04"]
[SourceDate "2006.03.04"]

1. d4 Nf6 2. c4 e6 3. g3 c5 4. d5 exd5 5. cxd5 b5 6. f3 c4 7. e4 Bc5 8. a4 Qb6
9. Nh3 d6 10. axb5 Nbd7 11. Bf4 Bb4+ 12. Nc3 Nc5 13. Nf2 Nb3 14. Ra4 Bc5 15.
Nd3 cxd3 16. Qxb3 Bf2+ 17. Kd2 Nh5 18. Nd1 Nxf4 19. gxf4 Bc5 20. Qxd3 Qd8 21.
Ne3 Qh4 22. e5 O-O 23. Rc4 Bd7 24. Rxc5 dxc5 25. f5 Rab8 26. Be2 Bxb5 27. Qc3
Qf2 28. Re1 Qxh2 29. d6 f6 30. Ng4 Qf4+ 31. Qe3 fxe5 32. Qxf4 exf4 33. Bxb5
Rxb5 34. f6 Rb6 35. Re6 Rd8 36. Re7 Rbxd6+ 37. Kc2 gxf6 38. Nh6+ Kf8 39. Rf7+
Ke8 40. Rxa7 Rd2+ 41. Kb1 R8d7 42. Ra4 Rb7 43. Rxf4 Rbxb2+ 44. Kc1 Rdc2+ 45.
Kd1 Rh2 0-1

[Event "4NCL/Div1/ADS1-3CS1"]
[Site "Birmingham ENG"]
[Date "2006.03.04"]
[Round "7.4"]
[White "Ashton, Adam G"]
[Black "Cernousek, Lukas"]
[Result "1/2-1/2"]
[WhiteElo "2321"]
[BlackElo "2380"]
[PlyCount "117"]
[EventDate "2006.03.04"]
[SourceDate "2006.03.04"]

1. e4 c5 2. Nf3 d6 3. d4 Nf6 4. Nc3 cxd4 5. Nxd4 g6 6. Be3 Bg7 7. f3 Nc6 8. Qd2
O-O 9. Bc4 Bd7 10. O-O-O Ne5 11. Bb3 b5 12. Ndxb5 Qb8 13. Nd4 Rc8 14. h4 e6 15.
h5 Nxh5 16. Bh6 Bh8 17. Rxh5 Rxc3 18. bxc3 gxh5 19. Qg5+ Ng6 20. f4 Qd8 21.
Qxh5 Qh4 22. Qxh4 Nxh4 23. g3 Ng6 24. Ne2 Bb5 25. Nd4 Bd7 26. a4 Bf6 27. Ne2
Bc6 28. Rxd6 Bxe4 29. Nd4 Ne7 30. Rd7 a5 31. g4 Rc8 32. Nxe6 Bc6 33. Rd8+ Rxd8
34. Nxd8 Bd5 35. c4 Bf3 36. c5 Nd5 37. Nb7 Nxf4 38. Bxf4 Bxb7 39. Bd2 Bd8 40.
Bc4 Bf3 41. g5 Kg7 42. Kb2 f5 43. gxf6+ Kxf6 44. Kc3 Bc7 45. Kd4 h5 46. Be1
Be5+ 47. Ke3 Bc6 48. Bxa5 Bxa4 49. Bd8+ Kf5 50. Bd3+ Ke6 51. Be4 Bxc2 52. Bxc2
Kd5 53. Be7 Bd4+ 54. Kd3 Bxc5 55. Bb3+ Kc6 56. Bh4 Kd7 57. Bf7 Be7 58. Bxe7
Kxe7 59. Bxh5 1/2-1/2

[Event "4NCL/Div1/ADS1-3CS1"]
[Site "Birmingham ENG"]
[Date "2006.03.04"]
[Round "7.5"]
[White "Snape, Ian L"]
[Black "Bentley, John L"]
[Result "1-0"]
[WhiteElo "2271"]
[BlackElo "2244"]
[PlyCount "79"]
[EventDate "2006.03.04"]
[SourceDate "2006.03.04"]

1. c4 Nf6 2. Nf3 g6 3. g3 Bg7 4. Bg2 O-O 5. O-O d6 6. Nc3 c6 7. Rb1 Bf5 8. d3
e5 9. b4 Qd7 10. Ng5 h6 11. Nge4 Nxe4 12. Nxe4 Bxe4 13. dxe4 Qe6 14. Qd3 Nd7
15. Rd1 Rfd8 16. Be3 Kh7 17. Qxd6 Qxd6 18. Rxd6 Nb6 19. Rxd8 Rxd8 20. Rc1 Na4
21. c5 Nb2 {(=)} 22. Rc2 Rd1+ 23. Bf1 Na4 24. f3 Rb1 25. Bd2 Bf8 26. Kf2 a5 27.
a3 Rb3 28. Ra2 Nb2 29. e3 Nd1+ 30. Ke2 Nc3+ 31. Bxc3 Rxc3 32. Kd2 axb4 33. axb4
Rb3 34. Ra8 Kg7 35. Ra4 b6 36. Kc2 b5 37. Kxb3 bxa4+ 38. Kxa4 Kf6 39. Ka5 Ke7
40. Kb6 1-0

[Event "4NCL/Div1/ADS1-3CS1"]
[Site "Birmingham ENG"]
[Date "2006.03.04"]
[Round "7.6"]
[White "Longson, Alexander"]
[Black "Cafferty, Bernard"]
[Result "1/2-1/2"]
[WhiteElo "2264"]
[BlackElo "2207"]
[PlyCount "36"]
[EventDate "2006.03.04"]
[SourceDate "2006.03.04"]

1. e4 Nf6 2. e5 Nd5 3. d4 d6 4. c4 Nb6 5. exd6 exd6 6. Nc3 Be7 7. Nf3 O-O 8. b3
Bg4 9. h3 Bxf3 10. Qxf3 Nc6 11. Be3 Bg5 12. Be2 Bxe3 13. Qxe3 Re8 14. Qf4 d5
15. c5 Nd7 16. O-O Nf8 17. Bb5 Ne6 18. Qd2 Nexd4 1/2-1/2

[Event "4NCL/Div1/ADS1-3CS1"]
[Site "Birmingham ENG"]
[Date "2006.03.04"]
[Round "7.7"]
[White "Anderton, David W"]
[Black "Walton, Alan J"]
[Result "1/2-1/2"]
[WhiteElo "2267"]
[BlackElo "2197"]
[PlyCount "108"]
[EventDate "2006.03.04"]
[SourceDate "2006.03.04"]

1. d4 e6 2. Nf3 f5 3. g3 Nf6 4. Bg2 Be7 5. O-O O-O 6. c4 d6 7. Nc3 Ne4 8. Qc2
Nxc3 9. Qxc3 a5 10. b3 Nc6 11. Bb2 Bf6 12. Rae1 e5 13. dxe5 dxe5 14. e4 f4 15.
gxf4 exf4 16. e5 Be7 17. a3 Qe8 18. Kh1 Qh5 19. e6 Bf6 20. Qc2 Ne7 21. Bxf6
Rxf6 22. Re5 Qh6 23. Ng5 Bxe6 24. Bxb7 Raf8 25. Nxe6 Rxe6 26. Rxe6 Qxe6 27. Be4
g6 28. f3 c6 29. Re1 Qd6 30. c5 Qf6 31. Qc4+ Kg7 32. Rd1 Nf5 33. Bxf5 Qxf5 34.
Qc3+ Kh6 35. Qd3 {(=)} Qxc5 36. Qd6 Rf5 37. Qxc5 Rxc5 38. b4 axb4 39. axb4 Rc2
40. Rd7 Rb2 41. Rc7 Rxb4 42. Rxc6 Rb2 43. Rc4 Kg5 44. Kg1 h5 45. Rc6 Re2 46.
h4+ Kf5 47. Rc5+ Kf6 48. Ra5 Re5 49. Ra6+ Kf5 50. Kf2 Rb5 51. Ra2 g5 52. hxg5
Kxg5 53. Ra8 Rb2+ 54. Kg1 Rc2 1/2-1/2

[Event "4NCL/Div1/ADS1-3CS1"]
[Site "Birmingham ENG"]
[Date "2006.03.04"]
[Round "7.8"]
[White "Van Weersel, Arlette"]
[Black "Bellin, Jana"]
[Result "0-1"]
[WhiteElo "2169"]
[BlackElo "2170"]
[PlyCount "54"]
[EventDate "2006.03.04"]
[SourceDate "2006.03.04"]

1. e4 c5 2. c4 Nc6 3. Ne2 e5 4. Nbc3 g6 5. d3 Bg7 6. Be3 d6 7. Qd2 Be6 8. Nd5
Bxd5 9. cxd5 Nd4 10. f4 Nf6 11. fxe5 dxe5 12. Rc1 Qb6 13. Nc3 Ng4 14. Na4 Qb5
15. b3 Nxe3 16. Qxe3 O-O 17. Be2 Qb4+ 18. Kf2 f5 19. Bf3 fxe4 20. dxe4 Rac8 21.
Qc3 Bh6 22. Nxc5 Qa3 23. Rhd1 b6 24. b4 Bxc1 25. Qxa3 Bxa3 26. Nd7 Rc2+ 27. Kg3
Bxb4 0-1

[Event "4NCL/Div1/WGR1-BAR2"]
[Site "Birmingham ENG"]
[Date "2006.03.04"]
[Round "7.1"]
[White "McShane, Luke J"]
[Black "Rogers, Jonathan W"]
[Result "1-0"]
[WhiteElo "2609"]
[BlackElo "2340"]
[PlyCount "73"]
[EventDate "2006.03.04"]
[SourceDate "2006.03.04"]

1. e4 e6 2. d4 d5 3. Nd2 dxe4 4. Nxe4 Nf6 5. Nxf6+ Qxf6 6. Nf3 h6 7. Be3 Nc6 8.
g3 Bd6 9. Bg2 O-O 10. O-O e5 11. dxe5 Nxe5 12. Nxe5 Bxe5 13. c3 a5 14. Re1 c6
15. Bc5 Rd8 16. Qe2 Bd6 17. Bxd6 Rxd6 18. Qe8+ Kh7 19. Rad1 Rxd1 20. Rxd1 Bg4
21. Qxa8 Bxd1 22. Be4+ g6 23. Qxb7 Bf3 24. Bxf3 Qxf3 25. Qd7 c5 26. Qd2 g5 27.
b3 Qe4 28. h3 Qf5 29. Kg2 h5 30. Qe2 Kh6 31. Qc4 Kg7 32. a3 g4 33. h4 Kg8 34.
Qf4 Qd5+ 35. Kh2 Kf8 36. Qf6 Ke8 37. c4 1-0

[Event "4NCL/Div1/WGR1-BAR2"]
[Site "Birmingham ENG"]
[Date "2006.03.04"]
[Round "7.2"]
[White "Berry, Neil"]
[Black "Speelman, Jonathan S"]
[Result "0-1"]
[WhiteElo "2289"]
[BlackElo "2539"]
[PlyCount "54"]
[EventDate "2006.03.04"]
[SourceDate "2006.03.04"]

1. d4 e6 2. c4 b6 3. e4 Bb7 4. Qc2 Bb4+ 5. Nd2 c5 6. d5 Qe7 7. Be2 exd5 8. exd5
Nf6 9. Ngf3 O-O 10. a3 Re8 11. O-O Qxe2 12. axb4 Na6 13. b5 Nb4 14. Qd1 Qxd1
15. Rxd1 a6 16. bxa6 Rxa6 17. Rxa6 Bxa6 18. b3 Nfxd5 19. cxd5 Be2 20. Re1 Nd3
21. Nf1 Nxe1 22. Nxe1 Bd1 23. Ne3 Bxb3 24. Bb2 Bxd5 25. Nd3 Be6 26. Be5 d5 27.
Bc7 d4 0-1

[Event "4NCL/Div1/WGR1-BAR2"]
[Site "Birmingham ENG"]
[Date "2006.03.04"]
[Round "7.3"]
[White "Gormally, Daniel W"]
[Black "Coleman, David J"]
[Result "1-0"]
[WhiteElo "2573"]
[BlackElo "2245"]
[PlyCount "99"]
[EventDate "2006.03.04"]
[SourceDate "2006.03.04"]

1. d4 Nf6 2. Bg5 e6 3. Nf3 h6 4. Bh4 c5 5. c3 d5 6. Nbd2 Nbd7 7. e3 Be7 8. Bd3
a5 9. Ne5 Qb6 10. Rb1 cxd4 11. exd4 Nxe5 12. dxe5 Nd7 13. Bg3 Nc5 14. Bc2 Qa6
15. c4 dxc4 16. Qg4 g5 17. h4 h5 18. Qd4 b5 19. hxg5 Qb6 20. Qf4 Bb7 21. g6
fxg6 22. Bxg6+ Kd7 23. Rd1 Bd5 24. Nf3 Raf8 25. Qe3 Rhg8 26. Be4 Kc8 27. Bxd5
exd5 28. Rxh5 Rg4 29. Rh6 Qb7 30. Kf1 Ne4 31. Rb6 Bc5 32. Rxb7 Bxe3 33. Rxb5
Nxg3+ 34. fxg3 d4 35. Rc5+ Kb7 36. Rxc4 Rxg3 37. Rd3 Rh8 38. Rb3+ Ka7 39. e6
Rh1+ 40. Ke2 Rxg2+ 41. Kd3 Rd1+ 42. Ke4 Re2 43. Ne5 Bg1+ 44. Kd5 Bh2 45. Nc6+
Ka6 46. Kc5 Bc7 47. Nxd4 Re4 48. Kd5 Re5+ 49. Kc6 Bd8 50. Rb8 1-0

[Event "4NCL/Div1/WGR1-BAR2"]
[Site "Birmingham ENG"]
[Date "2006.03.04"]
[Round "7.4"]
[White "Pritchett, Craig W"]
[Black "Cramling, Pia"]
[Result "0-1"]
[WhiteElo "2285"]
[BlackElo "2515"]
[PlyCount "72"]
[EventDate "2006.03.04"]
[SourceDate "2006.03.04"]

1. Nf3 d5 2. c4 c6 3. e3 Nf6 4. Nc3 a6 5. d4 e6 6. Qc2 c5 7. cxd5 exd5 8. Bd2
Nc6 9. dxc5 Bxc5 10. a3 O-O 11. b4 Bb6 12. Na4 Ba7 13. Bd3 Bg4 14. Ng5 h6 15.
h3 Bd7 16. Nf3 Re8 17. Nc5 Bxc5 18. bxc5 Ne4 19. Rb1 Rb8 20. O-O Qf6 21. Kh2
Qe7 22. Rbc1 Rbc8 23. Kg1 Rc7 24. Nd4 Nxd2 25. Qxd2 Ne5 26. Bf5 Nc4 27. Qb4
Bxf5 28. Nxf5 Qxc5 29. Qc3 Qf8 30. Qd4 Rc5 31. Qg4 g6 32. Qg3 Kh7 33. Nd6 Nxd6
34. Rxc5 Ne4 35. Qc7 Nxc5 36. Rc1 Rc8 0-1

[Event "4NCL/Div1/WGR1-BAR2"]
[Site "Birmingham ENG"]
[Date "2006.03.04"]
[Round "7.5"]
[White "Baburin, Alexander"]
[Black "Manley, Jon P"]
[Result "1-0"]
[WhiteElo "2511"]
[BlackElo "2188"]
[PlyCount "75"]
[EventDate "2006.03.04"]
[SourceDate "2006.03.04"]

1. d4 Nf6 2. c4 g6 3. Nf3 Bg7 4. g3 O-O 5. Bg2 d6 6. O-O c6 7. b3 Qa5 8. Bb2
Qh5 9. Nbd2 Bh3 10. e4 Nbd7 11. e5 dxe5 12. Nxe5 Qxd1 13. Raxd1 Bxg2 14. Kxg2
Rfd8 15. Ndf3 Ne8 16. Ba3 Bf8 17. Ng5 Nxe5 18. dxe5 Nc7 19. Ne4 Ne6 20. f4 b6
21. Bb2 a5 22. a4 Rab8 23. Bc3 Ra8 24. Kf3 h5 25. Ke2 Bh6 26. Rxd8+ Rxd8 27. c5
bxc5 28. Bxa5 Ra8 29. Bc3 c4 30. a5 cxb3 31. Rb1 Rb8 32. Kd3 f5 33. exf6 exf6
34. Kc4 f5 35. Nf6+ Kf7 36. Nd7 Rb7 37. Ne5+ Ke8 38. Rxb3 1-0

[Event "4NCL/Div1/WGR1-BAR2"]
[Site "Birmingham ENG"]
[Date "2006.03.04"]
[Round "7.6"]
[White "Taylor, Peter P"]
[Black "Emms, John M"]
[Result "1/2-1/2"]
[WhiteElo "2240"]
[BlackElo "2502"]
[PlyCount "105"]
[EventDate "2006.03.04"]
[SourceDate "2006.03.04"]

1. Nf3 c5 2. c4 Nc6 3. d4 cxd4 4. Nxd4 Nf6 5. g3 g6 6. Bg2 Nxd4 7. Qxd4 Bg7 8.
Nc3 O-O 9. O-O d6 10. Qd3 a6 11. Bg5 h6 12. Bxf6 Bxf6 13. Rfd1 Qb6 14. Qd2 Kg7
15. Nd5 Qxb2 16. Qxb2 Bxb2 17. Rab1 Bf6 18. Nb6 Rb8 19. Nxc8 Rfxc8 20. Bxb7
Rxc4 21. Bxa6 Rxb1 22. Rxb1 Ra4 23. Bb7 Rxa2 24. e3 e6 25. Bc6 Bb2 26. Rd1 d5
27. Rd2 Ra1+ 28. Kg2 Bc3 29. Rc2 Ra3 30. Rc1 Kf6 31. h4 g5 32. hxg5+ hxg5 33.
g4 Ba5 34. Rc2 Bc3 35. Rc1 Ke7 36. Rb1 Ra2 37. Rb7+ Kd6 38. Be8 f6 39. Rd7+ Ke5
40. Re7 Be1 41. Bf7 Rxf2+ 42. Kg1 Ke4 43. Rxe6+ Kd3 44. Ra6 Rb2 45. Rxf6 Bd2
46. Bxd5 Bxe3+ 47. Kh1 Rb1+ 48. Kh2 Rb2+ 49. Kh1 Bf4 50. Ra6 Kd4 51. Be6 Ke3
52. Ra3+ Kf2 53. Ra2 1/2-1/2

[Event "4NCL/Div1/WGR1-BAR2"]
[Site "Birmingham ENG"]
[Date "2006.03.04"]
[Round "7.7"]
[White "Ward, Christopher G"]
[Black "Moore, John C"]
[Result "1-0"]
[WhiteElo "2475"]
[BlackElo "2048"]
[PlyCount "113"]
[EventDate "2006.03.04"]
[SourceDate "2006.03.04"]

1. d4 d5 2. c4 c6 3. Nc3 Nf6 4. e3 e6 5. Nf3 Nbd7 6. Qc2 Bd6 7. g4 Nxg4 8. Rg1
f5 9. h3 Ngf6 10. Rxg7 Ne4 11. Bd2 Qf6 12. Rg2 Qh6 13. O-O-O Ndf6 14. Ne5 Bd7
15. Qb3 Nxd2 16. Rxd2 b6 17. f4 Ke7 18. Rg5 Rhg8 19. Rdg2 Qh4 20. Nf3 Qh6 21.
a3 Rg6 22. Ne5 Bxe5 23. dxe5 Ne4 24. Nxe4 dxe4 25. Qd1 Rd8 26. Qd6+ Ke8 27.
R2g3 Qh4 28. Be2 Rxg5 29. Rxg5 Qe1+ 30. Qd1 Qxd1+ 31. Bxd1 Kf8 32. c5 Be8 33.
Bb3 Bf7 34. Bc4 bxc5 35. Rg2 Ke7 36. Rg7 Rh8 37. Kc2 Kf8 38. Rg2 Ke7 39. Kc3
Rd8 40. Rg7 Rh8 41. Ba6 Kf8 42. Rg2 Ke7 43. Kc4 Rb8 44. Kxc5 Rb3 45. Re2 Bh5
46. Bc4 Rb8 47. Rg2 Bg6 48. b3 Rc8 49. Rd2 Be8 50. h4 Rc7 51. Rg2 Bg6 52. Rg5
Rc8 53. a4 Rc7 54. a5 Rc8 55. a6 Rc7 56. h5 Bf7 57. Rg7 1-0

[Event "4NCL/Div1/WGR1-BAR2"]
[Site "Birmingham ENG"]
[Date "2006.03.04"]
[Round "7.8"]
[White "Bhatia, Kanwal K"]
[Black "Pert, Richard G"]
[Result "0-1"]
[WhiteElo "2091"]
[BlackElo "2429"]
[PlyCount "100"]
[EventDate "2006.03.04"]
[SourceDate "2006.03.04"]

1. e4 c5 2. c3 d5 3. exd5 Qxd5 4. d4 Nf6 5. Nf3 Bg4 6. Be2 e6 7. O-O Nc6 8. h3
Bh5 9. Be3 cxd4 10. cxd4 Be7 11. Nc3 Qd6 12. Nb5 Qd8 13. Qb3 O-O 14. Rad1 Nd5
15. Nc3 Na5 16. Qa4 a6 17. Nxd5 exd5 18. Rc1 Bd6 19. Rfe1 b5 20. Qd1 Nc4 21. b3
Nxe3 22. fxe3 Re8 23. Nd2 Bg6 24. Bf3 Bg3 25. Rc5 Bxe1 26. Qxe1 Be4 27. Nxe4
dxe4 28. Bd1 h6 29. b4 Qb6 30. Bb3 Rad8 31. Qh4 Rd6 32. Qh5 Rf6 33. Bd5 Qd6 34.
Qh4 Rg6 35. Bxe4 Rge6 36. Bc6 R8e7 37. Qf4 Qxf4 38. exf4 Re1+ 39. Kh2 Rd1 40.
Rd5 g6 41. Rd8+ Kg7 42. d5 Rd2 43. Kg3 Re3+ 44. Kh2 Ree2 45. Kg3 Rxg2+ 46. Kf3
Rgf2+ 47. Kg3 Rfe2 48. Kf3 Re1 49. Bb7 Rd3+ 50. Kf2 Ra1 0-1

[Event "4NCL/Div1/GUI1-BAR1"]
[Site "Birmingham ENG"]
[Date "2006.03.04"]
[Round "7.1"]
[White "Rowson, Jonathan W"]
[Black "Parker, Jonathan F"]
[Result "1/2-1/2"]
[WhiteElo "2599"]
[BlackElo "2504"]
[PlyCount "93"]
[EventDate "2006.03.04"]
[SourceDate "2006.03.04"]

1. d4 Nf6 2. c4 e6 3. Nc3 d5 4. Nf3 Bb4 5. cxd5 exd5 6. Qa4+ Nc6 7. Bg5 h6 8.
Bxf6 Qxf6 9. e3 O-O 10. Be2 Bxc3+ 11. bxc3 b6 12. O-O Bb7 13. Rfc1 Qd6 14. c4
dxc4 15. Rxc4 Na5 16. Rc3 Rac8 17. Rac1 Rfe8 18. Qa3 Qd8 19. Ne1 c6 20. Bf3 Qf6
21. Nd3 Rc7 22. Nc5 Ba8 23. Ne4 Qd8 24. Ng3 Re6 25. Nf5 Rf6 26. e4 Rd7 27. d5
c5 28. Bg4 h5 29. Bh3 g6 30. Ne3 Re7 31. f3 Rd6 32. g3 Qe8 33. Bg2 Bb7 34. Re1
Ba6 35. Qc1 Qa4 36. f4 Rxe4 37. Bxe4 Qxe4 38. f5 Qd4 39. fxg6 fxg6 40. h3 Bb7
41. Kh2 Rf6 42. Rc2 Rf3 43. Ng2 Bxd5 44. Rd2 Rd3 45. Re8+ Kf7 46. Rde2 Rd1 47.
R8e7+ 1/2-1/2

[Event "4NCL/Div1/GUI1-BAR1"]
[Site "Birmingham ENG"]
[Date "2006.03.04"]
[Round "7.2"]
[White "Collins, Sam E"]
[Black "King, Daniel J"]
[Result "1/2-1/2"]
[WhiteElo "2409"]
[BlackElo "2526"]
[PlyCount "81"]
[EventDate "2006.03.04"]
[SourceDate "2006.03.04"]

1. e4 e6 2. d4 d5 3. e5 c5 4. c3 Bd7 5. Nf3 Qb6 6. Nbd2 Nc6 7. Nb3 cxd4 8.
Nbxd4 Nxd4 9. Nxd4 Bc5 10. b4 Bxd4 11. Qxd4 Qxd4 12. cxd4 Ba4 13. b5 Rc8 14.
Bd2 Ne7 15. Rc1 Kd7 16. Rc3 Rxc3 17. Bxc3 Bc2 18. Kd2 Be4 19. f3 Bg6 20. a4 f6
21. exf6 gxf6 22. Be2 Nf5 23. Rc1 Rc8 24. Bb2 Rxc1 25. Kxc1 Ne3 26. g3 Nc4 27.
Bxc4 dxc4 28. Ba3 c3 29. Bb4 c2 30. Ba3 a6 31. Kd2 axb5 32. axb5 e5 33. dxe5
fxe5 34. f4 exf4 35. gxf4 Ke6 36. f5+ Bxf5 37. b6 Kd5 38. Be7 Kc4 39. Kc1 Bg6
40. Bd6 Kb5 41. Bc7 1/2-1/2

[Event "4NCL/Div1/GUI1-BAR1"]
[Site "Birmingham ENG"]
[Date "2006.03.04"]
[Round "7.3"]
[White "Hebden, Mark L"]
[Black "Ferguson, Mark"]
[Result "1-0"]
[WhiteElo "2514"]
[BlackElo "2388"]
[PlyCount "47"]
[EventDate "2006.03.04"]
[SourceDate "2006.03.04"]

1. d4 d5 2. Nf3 Nf6 3. c4 c6 4. e3 a6 5. Bd2 e6 6. Nc3 Nbd7 7. Qc2 Bd6 8. e4
dxe4 9. Nxe4 Nxe4 10. Qxe4 Nf6 11. Qh4 c5 12. O-O-O Qc7 13. d5 e5 14. Bg5 Nd7
15. Bd3 b5 16. Rhe1 bxc4 17. Bxc4 O-O 18. Be7 Re8 19. Ng5 h6 20. Ne6 Bxe7 21.
Qxe7 Rxe7 22. Nxc7 Nb6 23. Nxa8 Nxc4 24. d6 1-0

[Event "4NCL/Div1/GUI1-BAR1"]
[Site "Birmingham ENG"]
[Date "2006.03.04"]
[Round "7.4"]
[White "Knott, Simon JB"]
[Black "Conquest, Stuart C"]
[Result "0-1"]
[WhiteElo "2378"]
[BlackElo "2522"]
[PlyCount "140"]
[EventDate "2006.03.04"]
[SourceDate "2006.03.04"]

1. Nf3 c5 2. c4 Nc6 3. d4 cxd4 4. Nxd4 e6 5. g3 Bc5 6. Nb3 Be7 7. Bg2 d6 8. O-O
Nf6 9. Nc3 O-O 10. Bf4 Nh5 11. e3 Nxf4 12. exf4 Bd7 13. Qd2 Qb8 14. Rfe1 a5 15.
Rad1 a4 16. Nc1 Rd8 17. f5 Ne5 18. fxe6 Bxe6 19. Nd5 Bf8 20. Qd4 Re8 21. Nd3
Bf5 22. N3b4 Ra5 23. f4 Nd7 24. Bf3 Nc5 25. g4 Bd7 26. f5 Re5 27. f6 Qe8 28.
Qf2 Qe6 29. Qh4 h6 30. fxg7 Kxg7 31. Nf4 Qxc4 32. Nbd5 Rg5 33. Nh3 Rxg4+ 34.
Bxg4 Qxg4+ 35. Qxg4+ Bxg4 36. Nhf4 Bxd1 37. Rxd1 Ne4 38. Rd3 Rc5 39. b3 Rc1+
40. Kg2 a3 41. h4 Rc2+ 42. Kf3 f5 43. Rd1 Kf7 44. Nb4 Rc3+ 45. Ke2 Bg7 46. Rd5
Rc5 47. Kd3 Be5 48. Ne2 Ke6 49. Rxc5 Nxc5+ 50. Ke3 Bf6 51. h5 Bg5+ 52. Kf3 Bf6
53. Nf4+ Ke5 54. Nfd3+ Ke6 55. Nf4+ Kf7 56. Nfd5 Be5 57. Ne3 Ke6 58. Nc4 Bb2
59. Nc2 Nd3 60. N2xa3 Bxa3 61. Nxa3 d5 62. Ke3 Nb4 63. Kf4 d4 64. Nb5 Nd5+ 65.
Kf3 Ke5 66. a4 b6 67. Na3 d3 68. b4 Nxb4 69. Nc4+ Kd4 70. Nxb6 Kc3 0-1

[Event "4NCL/Div1/GUI1-BAR1"]
[Site "Birmingham ENG"]
[Date "2006.03.04"]
[Round "7.5"]
[White "Kosten, Anthony C"]
[Black "Palliser, Richard JD"]
[Result "1/2-1/2"]
[WhiteElo "2501"]
[BlackElo "2401"]
[PlyCount "37"]
[EventDate "2006.03.04"]
[SourceDate "2006.03.04"]

1. c4 c5 2. Nc3 Nc6 3. Nf3 e5 4. e3 Nf6 5. Be2 d5 6. d4 e4 7. Ng5 cxd4 8. exd4
Bb4 9. cxd5 Qxd5 10. O-O Qxd4 11. Qb3 O-O 12. Bc4 Ne5 13. Qxb4 Qxc4 14. Qxc4
Nxc4 15. b3 Ne5 16. Ngxe4 Nxe4 17. Nxe4 Bd7 18. Bb2 Bc6 19. Bxe5 1/2-1/2

[Event "4NCL/Div1/GUI1-BAR1"]
[Site "Birmingham ENG"]
[Date "2006.03.04"]
[Round "7.6"]
[White "Devereaux, Maxim L"]
[Black "Flear, Glenn C"]
[Result "1/2-1/2"]
[WhiteElo "2367"]
[BlackElo "2470"]
[PlyCount "89"]
[EventDate "2006.03.04"]
[SourceDate "2006.03.04"]

1. d4 d5 2. Nf3 Nf6 3. c4 e6 4. Nc3 c6 5. Bg5 Nbd7 6. cxd5 exd5 7. e3 Be7 8.
Bd3 O-O 9. Qc2 Re8 10. h3 Nf8 11. O-O Be6 12. Rab1 Rc8 13. b4 a6 14. Ne5 N6d7
15. Bxe7 Qxe7 16. f4 f6 17. Nxd7 Bxd7 18. Rf3 Qd6 19. Na4 Rc7 20. Qc5 Qxc5 21.
bxc5 Ng6 22. Bxg6 hxg6 23. g4 g5 24. fxg5 fxg5 25. Nb2 Re6 26. Rbf1 Be8 27.
Rf8+ Kh7 28. R1f3 Bg6 29. Rb8 Rf6 30. Kf2 Be4 31. Rxf6 gxf6 32. Na4 f5 33. Nc3
Bc2 34. Re8 Kg7 35. Kg3 Kf7 36. Rh8 Kg7 37. Re8 Kf7 38. Re5 Re7 39. Rxe7+ Kxe7
40. h4 Kf6 41. hxg5+ Kxg5 42. gxf5 Bxf5 43. Kf3 Bg4+ 44. Kf2 Bf5 45. Kf3
1/2-1/2

[Event "4NCL/Div1/GUI1-BAR1"]
[Site "Birmingham ENG"]
[Date "2006.03.04"]
[Round "7.7"]
[White "Cherniaev, Alexander"]
[Black "Taylor, Martin R"]
[Result "1-0"]
[WhiteElo "2472"]
[BlackElo "2299"]
[PlyCount "181"]
[EventDate "2006.03.04"]
[SourceDate "2006.03.04"]

1. e4 e5 2. Nf3 Nc6 3. Bb5 a6 4. Ba4 Nf6 5. O-O Be7 6. Qe2 b5 7. Bb3 d6 8. c3
O-O 9. Rd1 Na5 10. Bc2 c5 11. d4 Qc7 12. d5 Bd7 13. b3 c4 14. b4 Nb7 15. h3 a5
16. Kh2 Rfc8 17. Ng1 g6 18. a3 Nh5 19. g3 Ng7 20. g4 Nd8 21. Be3 f6 22. Nf3 Nf7
23. Rg1 Kh8 24. Nbd2 Qb7 25. Nf1 axb4 26. cxb4 Ra6 27. Ng3 Bd8 28. Bc1 Bb6 29.
Ra2 Rf8 30. Rg2 Qc8 31. Ng1 Ng5 32. Bb1 Ra7 33. Qd1 Rc7 34. N3e2 Nf7 35. Nc3
Ra7 36. Qf3 Ng5 37. Qg3 Kg8 38. Kh1 Qe8 39. Rh2 Nf7 40. h4 Qe7 41. Nf3 Raa8 42.
h5 g5 43. Ng1 Ne8 44. f3 Nc7 45. Qe1 Nh6 46. Rhg2 Rfc8 47. Nge2 Kh8 48. Bc2 Qe8
49. Ng3 Bd4 50. Bd1 Ra6 51. Rgb2 Na8 52. Rb1 Nb6 53. Kg2 Bxc3 54. Qxc3 Na4 {(=)
} 55. Qe1 Rca8 56. Be3 Qd8 57. Rc1 Nf7 58. Ne2 Nb6 59. Rca1 Na4 60. Qf2 Rb8 61.
Bxa4 Rxa4 62. Nc3 Raa8 63. Qe2 Qc8 64. Rb1 Qe8 65. a4 bxa4 66. Qxc4 Rc8 67. Qd3
Nd8 68. Ra3 Nb7 69. Bb6 Kg7 70. Kf2 h6 71. Ke1 Kf7 72. Kd2 Ke7 73. Rba1 Kf7 74.
Rb1 Ke7 75. Ke1 Kf7 76. Kf2 Ke7 77. Kg3 Kf7 78. Rb2 Ke7 79. Kf2 Kf7 80. Ke1 Ke7
81. Kd2 Kf7 82. Ke1 Ke7 83. Kf2 Kf7 84. Kg3 Ke7 85. Qe2 Kf7 86. b5 Nc5 87. Bxc5
Rxc5 88. Rb4 Qc8 89. Qd3 Qc7 90. b6 Qb7 91. Qe2 1-0

[Event "4NCL/Div1/GUI1-BAR1"]
[Site "Birmingham ENG"]
[Date "2006.03.04"]
[Round "7.8"]
[White "Lauterbach, Ingrid"]
[Black "Ciuksyte, Dagne"]
[Result "0-1"]
[WhiteElo "2131"]
[BlackElo "2370"]
[PlyCount "108"]
[EventDate "2006.03.04"]
[SourceDate "2006.03.04"]

1. e4 c5 2. Nf3 e6 3. d3 Nc6 4. g3 d6 5. Bg2 Nf6 6. O-O Be7 7. c3 O-O 8. Nbd2
e5 9. a4 Re8 10. Re1 Bf8 11. Nc4 h6 12. Ne3 g6 13. Nd2 Bg7 14. Ndc4 Kh7 15. Bd2
Be6 16. Nd5 Bxd5 17. exd5 Ne7 18. Ne3 Qd7 19. a5 h5 20. h3 Bh6 21. c4 Rab8 22.
b4 cxb4 23. Bxb4 Bxe3 24. Rxe3 Nf5 25. Re1 Nd4 26. Bc3 Qf5 27. f4 Kg7 28. fxe5
dxe5 29. Bxd4 exd4 30. Qf3 Qg5 31. Qf4 Qxf4 32. gxf4 Nd7 33. Rxe8 Rxe8 34. Kf2
Nc5 35. Bf1 Kf6 36. Rb1 a6 37. h4 Kf5 38. Rb6 Kg4 39. Rf6 Re7 40. f5 gxf5 41.
Be2+ Kf4 42. d6 Rd7 43. Bxh5 Nxd3+ 44. Kg2 Ne5 45. c5 Rd8 46. Kf1 Rh8 47. Bxf7
Rf8 48. Bd5 Rxf6 49. Bxb7 Nf7 50. Bxa6 Nxd6 51. cxd6 Rxd6 52. Bd3 Rd5 53. a6
Ke3 54. a7 Ra5 0-1